Extinctions no come backs / (Record no. 142674)

MARC details
000 -LEADER
fixed length control field 00557nam a22001817a 4500
005 - DATE AND TIME OF LATEST TRANSACTION
control field 20170718163344.0
010 ## - LCCN (DPL NO)
LC control number ENG-119362
020 ## - INTERNATIONAL STANDARD BOOK NUMBER
International Standard Book Number 9788123779515
Terms of availability 140.00
035 ## - SYSTEM CONTROL NUMBER
System control number EN-102894
037 ## - SOURCE OF ACQUISITION
Source of stock number/acquisition DBAD/PUB
082 ## - DEWEY DECIMAL CLASSIFICATION NUMBER
Classification number 575.7
100 ## - MAIN ENTRY--PERSONAL NAME
Personal name Haque,M.A.
245 ## - TITLE STATEMENT
Title Extinctions no come backs /
Statement of responsibility, etc by M.A.Haque
260 ## - PUBLICATION, DISTRIBUTION, ETC. (IMPRINT)
Name of publisher, distributor, etc National Book Trust
Date of publication, distribution, etc 2016
Place of publication, distribution, etc New Delhi
270 ## - ADDRESS
Address Nehru bhawan, 5 institutional area, phase-II vasant kunj
City New Delhi
Postal code 110070
300 ## - PHYSICAL DESCRIPTION
Extent viii,153p.:
Dimensions 22cm(pbk)
Other physical details ill.
942 ## - ADDED ENTRY ELEMENTS (KOHA)
Source of classification or shelving scheme Dewey Decimal Classification
Item type English Books
Classification part 575.7
Call number suffix HAQ
Holdings
Withdrawn status Lost status Not for loan Collection code Home library Current library Date acquired Source of acquisition Cost, normal purchase price Full call number Barcode Copy number Cost, replacement price Koha item type
    Not For Loan Fiction D.B.Act.Division Bawana 18/07/2017 DBAD/PUB 140.00 575.7 HAQ EN-102894 1 140.00 English Books

© Delhi Public Library
Hit Counter
free hit counter